| 000 | 00461nam a2200169 a 4500 | ||
|---|---|---|---|
| 001 | 484 | ||
| 003 | CDMR | ||
| 005 | 20130313134527.0 | ||
| 008 | 130130s2009||||||||||||||||||||||||||||d | ||
| 020 | _a9788439381747 | ||
| 040 |
_aCDMR _bcat _cCDMR |
||
| 245 | 0 | 0 | _aColònies industrials |
| 260 |
_aBarcelona _bMuseu d'Història de Catalunya |
||
| 260 |
_c2009 _bDepartament de Cultura i Mitjans de Comunicació |
||
| 500 | _aCatàleg de l'exposició | ||
| 942 |
_cMON _2udc |
||
| 999 |
_c484 _d484 |
||